000 00696nam a2200289Ia 4500
005 20260324141555.0
008 008 260324s9999 xx 000 0 eng d
020 _a9780429452635
037 _aEBOOK
040 _aCRL
040 _beng
040 _cCRL
041 _2eng
041 _aeng
084 _qCRL
100 _aRebecca A. Maynard
_91208695
245 0 _aKids Having Kids
245 0 _bEconomic Costs and Social Consequences of Teen Pregnancy
260 _bTaylor and Francis
260 _c1997
365 _a
365 _b205
856 _uhttp://www.taylorfrancis.com/books/9780429452635
942 _cEBOOK
999 _c1811939
_d1811939